000 00879nam a22002177a 4500
999 _c20228
_d20228
003 AR-CdUCM
008 190511b ||||| |||| 00| 0 spa d
040 _aMUNICIPALIDAD PROVINCIAL DEL CUSCO
_cBIBLIOTECA MUNICIPAL DEL CUSCO
082 _a657.48 /
_bP23
100 _aPanez Meza, Julio
_938351
245 _aContabilidad financiera /
260 _aPerú :
_bIbesa Iberoamericana ,
_c1990.
300 _a399 páginas ;
_c21 cm.
505 _aContenido : La información financiera -- Los estados financieros-- Balance general...
650 _aContabilidad
_910543
650 _aFinanciero
_912071
650 _aPerú
_935
700 _aMurguía Pardo, Daniel A.(editor), Arroyo Morales, Rosario(corrección de textos), Valladares M., Wilfredo(composición de textos, diagramación y montaje), Cellio Aponte, luis(carátula)
_942286
942 _2ddc
_cLIBROS
945 _aAndy